000 00242nam a2200097Ia 4500
001 717162
005 20250826162958.0
008 250824s9999 xx 000 0 und d
245 0 _aDEMSAZ
_cFAİK ÖZDENGÜL
260 _bKARATAY AKADEMİ YAYINLARI
999 _c717162
_d717162